000 00446cam a22001337a 4500
008 180718b1963 xxu||||| |||| 00| 0 eng d
082 _aP414 M582
100 _aMichaelis, John U.
245 _aSocial studies for children in a democracy : recent trends and developments
_cby John U.Michaelis
250 _a4th ed.
260 _aEnglewood
_bPrenyice- Hall
_c1963
300 _axii,559p
650 _aSocial sciences --Study and teaching (Elementary)
999 _c412950
_d412950